Online Catalogue and eLibrary

Sanwardena adahilla (Record no. 2215)

MARC details
000 -LEADER
fixed length control field 00364nam a2200145Ia 4500
005 - DATE AND TIME OF LATEST TRANSACTION
control field 20250613021933.0
008 - FIXED-LENGTH DATA ELEMENTS--GENERAL INFORMATION
fixed length control field 240331s9999 xx 000 0 und d
020 ## - INTERNATIONAL STANDARD BOOK NUMBER
ISBN 9559170015
082 ## - DDC Classification
Item Number - Author Mark GUN
Class No. 307
100 ## - MAIN ENTRY--PERSONAL NAME
Personal name Gunasekera, S
245 #0 - TITLE STATEMENT
Title Sanwardena adahilla
260 ## - PUBLICATION, DISTRIBUTION, ETC.
Place of publication, distribution, etc. Boralesgamuwa
Name of publisher, distributor, etc. Publishers of the Publication
Date of publication, distribution, etc. 1994
300 ## - PHYSICAL DESCRIPTION
Extent (e.g. Volumes, Pages etc.) 112 p .,
942 ## - Koha item type (Biblio)
Koha item type Books in Stacks (Lending)
Holdings
Lost status Damaged status Collection code Home library Current library Shelving location Date acquired Full call number Accession Number Item type
    Lending WERC Library WERC Library Social Science Cupboard 03/31/2024 307.7 GUN 3327 Books in Stacks (Lending)

© WERC Library